000 01509 a2200241 4500
001 36875
005 20260407155640.0
008 260407a1983 arg spa d
003 AR-UNSa-BCEJYS
040 _aAR-UNSa-BCEJYS
_bspa
_cAR-UNSa-BCEJYS
080 _a330.101.542
_xMicroeconomía
245 1 0 _aTeoría microeconómica
250 _a4a. ed.
264 1 _aMéxico :
_bFondo de Cultura Económica
_c1983
300 _a551 p.
_c23 cm.
505 _a1. La teoría de la utilidad y la preferencia - 2. Teoría de la conducta del consumidor - 3. Temas en la demanda del consumidor - 4. Características de la demanda de mercado - 5. La producción con un insumo variable - 6. La producción y las proporciones óptimas de los insumos: dos insumos variables - 7. La teoría del coste - 8. La teoría del precio en los mercados de competencia perfecta - 9. Teoría del precio en el monopolio puro - 10. Competencia y monopolio: algunos ejercicios teóricos - 11. Teoría del precio en la competencia monopolística - 12. Las teorías del precio en los mercados oligopólicos - 13. La teoría de la productividad marginal en mercados de competencia perfecta - 14. La teoría de la ocupación en mercados de competencia imperfecta - 15. La teoría del equilibrio económico general - 16. La teoría de la economía del bienestar -
041 _aspa
942 _cBK
590 _aniveau_biblio:m niveau_hierar:0
100 1 _aSuárez, Eduardo L.
700 1 _aFerguson, C.E.
700 1 _aGould, John P.
999 _c2684
_d2684